Every Chapter 1 vehicle in Fortnite - Statistics

General Stats
  • This quiz has been taken 18 times
  • The average score is 5 of 9
Answer Stats
Hint Answer % Correct
Most memes shopping cart
83%
Tony Hawk + points hoverboard
75%
The Grave with muselk ATV
67%
Best transportation method planes
58%
Flying with Tfue quad crasher
58%
Pirates cannon
42%
Fuck these Ali A type shit mech
33%
swinging around (Lazarbeam) baller
25%
Flying around season 9 slip stream
25%
No matching quizzes found
Score Distribution
Percent of People with Each Score
Percentile by Number Answered
Your Score History
You have not taken this quiz